00966nas a2200241Ia 4500001001100000003000900011008004100020040001300061040001300074041001200087100004400099210001100143222001100154245005200165250001100217260004000228501008600268300001900354310001600373362002400389500026200413650004900675R609/F2256IT-RoPAU151124c99999999xx |||||||||||| ||und|| aIT-RoPAU cIT-RoPAU aINGLESE aGrant MichaelgCodice Aut. SPICS: 18361 aSCREEN aScreen aSCREEN, VOL.39-N.2 (1998)bCrimes Of The Future a1a ed. aLONDONbSAGE PUBLICATIONS LTDc1998 bPaulus - SPICS - Società San Paolo EM (non-commercial uses only)cCopyright2015 a6 p. [180-185] aTRIMESTRALE aVOL.39, N.02 (1998) aCrimini del Futuro. Dibattito su Crash di D. Cronenberg (1996). Cronenbergha Creato un Futuro da Cui Già Parla: Relazione con Brani di W. Benjamin (The Storyteller) su Rapporto tra Morte e Vita nella Tradizione Letteraria,Soprattutto nel Romanticismo. Sen aTELEVISIONE - RADIOvPUBBLICAZIONE PERIODICA